Statistics for The World Records Quiz

Click here to take the quiz!

General Stats

  • This quiz has been taken 9,056 times
    (9,037 since last reset)
  • The average score is 12 of 20

Answer Stats

Question Answer % Correct
Highest mountain in the worldMount Everest
99%
Singer whose glove was the most expensive ever sold at auctionMichael Jackson
88%
Richest person in the world, currentlyJeff Bezos
79%
Most Twitter followers for an athlete (hint: he's Portuguese)Cristiano Ronaldo
79%
Most Instagrammed city, currentlyNew York City
77%
Tallest buildingBurj Khalifa
72%
Most expensive man-made object (Hint: it’s in space)International Space Station
70%
Tallest waterfallAngel Falls
70%
The most expensive one of these ceremonies cost $55 millionWedding
69%
Breed of the tallest dog everGreat Dane
58%
Devendra Suthar has 14 of these, more than any living person. What are they?Fingers
54%
The world's tallest unoccopied building is the Ryugyong Hotel, found in this cityPyongyang
54%
Longest type of snakeReticulated python
53%
The tallest man living is Sultan Kösen who measures at 8 ft 2.8 in tall.
What country is he from?
Turkey
53%
Two boxers whose fight had the highest ticket sale revenue (name either)Floyd Mayweather Jr. /
Manny Pacquiao
51%
Plant with the fastest vertical growth, up to 91cm per dayBamboo
46%
Most venomous cephalopodBlue-ringed {octopus}
44%
In northern Michigan, students rolled one of these that was somehow
the largest ever, at just 10.45 feet in diameter
{Snow}ball
44%
Sticking it to neighboring Belgium, people in the Netherlands hold the
record for the largest one of these food items
Waffle
37%
Largest animal to build a nest (hint: you can find them in Rwanda)Gorilla
23%

Score Distribution

Percentile by Number Answered

Percent of People with Each Score

Your Score History

You have not taken this quiz since the last reset